000 00866nam a2200253Ia 4500
003 OSt
005 20220923221721.0
006 a|||||r|||| 00| 0
007 ta
008 220922b |||||||| |||| 00| 0 hin d
024 _a199,584
037 _cTextual
040 _aARTS
_cARTS
_bhin
041 _2hin
_ahin
082 _aQ2:22:g, 152K3
100 _aभटट्ाचार्य, रामशंकर
245 0 _aइतिहास पुराण का अनुशीलन
246 _aItihās purāṇ kā anushīlana
260 _aवाराणसी
_b इण्डोलाजिकल बुक हाउस
_c1963
300 _a311पृ.
_ccm.
650 _aधर्मशास्त्र
942 _hQ2:22:g, 152K3
_cTEXL
_2CC
999 _c351324
_d351324